Vientos de guerra : pamela / (Registro nro. 3522)

Detalles MARC
000 -LEADER
fixed length control field 00689nam a2200193Ia 4500
003 - CONTROL NUMBER IDENTIFIER
control field OSt
005 - DATE AND TIME OF LATEST TRANSACTION
control field 20250505154153.0
008 - FIXED-LENGTH DATA ELEMENTS--GENERAL INFORMATION
fixed length control field 191128s1983 ck er 000 f spa d
040 ## - CATALOGING SOURCE
Original cataloging agency CO-JMCR
Transcribing agency CO-JMCR
041 ## - LANGUAGE CODE
Language code of text/sound track or separate title spa
082 04 - DEWEY DECIMAL CLASSIFICATION NUMBER
Classification number A-N
Item number WOUv
100 1# - MAIN ENTRY--PERSONAL NAME
Personal name Wouk, Herman,
Relator term autor
9 (RLIN) 8317
245 10 - TITLE STATEMENT
Title Vientos de guerra : pamela /
Statement of responsibility, etc. Herman Wouk
260 ## - PUBLICATION, DISTRIBUTION, ETC.
Place of publication, distribution, etc. Bogotá :
Name of publisher, distributor, etc. Círculo de lectores,
Date of publication, distribution, etc. 1983
300 ## - PHYSICAL DESCRIPTION
Extent 310 páginas ;
Dimensions 20 cm.
520 ## - SUMMARY, ETC.
Summary, etc. La novela está compuesta por 3 volúmenes, y está centrada en las vicisitudes de una familia cuyos integrantes se verán afectados por diversas circunstancias por la guerra.
650 14 - SUBJECT ADDED ENTRY--TOPICAL TERM
Topical term or geographic name entry element Novela estadounidense
9 (RLIN) 8318
942 ## - ADDED ENTRY ELEMENTS (KOHA)
Source of classification or shelving scheme Dewey Decimal Classification
Koha item type Books
Existencias
Withdrawn status Lost status Source of classification or shelving scheme Damaged status Not for loan Collection code Home library Current library Date acquired Source of acquisition Full call number Barcode Date last seen Copy number Koha item type
    Dewey Decimal Classification     Fiction Biblioteca Pública José María del Castillo y Rada Biblioteca Pública José María del Castillo y Rada 11/28/2019 Donación A-N WOUv 201807382 11/28/2019 V.2 Ej.1 Books